00490nam a2200169Ia 4500001001000000003000500010008004100015010001100056040000900067082001900076100002100095245007600116260004400192300001100236650003500247650003800282Para_6415CHAP220125s1950 xx 000 0 und d a205155 cCHAP aPA 595.799 F75 aFrisch, Karl Von aBees thein vision, chemical senses, and language /c by Karl Von Frisch aIthaca, New York :b Cornell University a119 p. aAbejasx Hábitos y conducta  aAbejasxAnatomía y fisiología